Statistics for Desperado - Eagles

Click here to take the quiz!

General Stats

  • This quiz has been taken 25 times
  • The average score is 18 of 35

Answer Stats

Number of words in answerAnswer% Correct
1 worddesperado
100%
1 worddesperado
100%
1 worddesperado
100%
7 wordswhy don't you come to your senses
89%
7 wordswhy don't you come to your senses
89%
9 wordsyou've been out riding fences for so long now
78%
4 wordsbefore it's too late
61%
6 wordsyou better let somebody love you
61%
6 wordsyou better let somebody love you
61%
6 wordsbut there's a rainbow above you
56%
4 wordsit may be raining
56%
11 wordsyou know the queen of hearts is always your best bet
56%
8 wordsdon't you draw the queen of diamonds boy
50%
9 wordsdon't your feet get cold in the winter time
50%
3 wordsopen the gate
50%
6 wordsshe'll beat you if she's able
50%
6 wordsthese things that are pleasing you
50%
10 wordsbut you only want the ones that you can't get
44%
5 wordscome down from your fences
44%
7 wordsi know that you've got your reasons
44%
5 wordsoh you're a hard one
44%
4 wordswill hurt you somehow
44%
5 wordsyour pain and your hunger
44%
6 wordshave been laid upon your table
39%
9 wordsit's hard to tell the nighttime from the day
39%
4 wordslet somebody love you
39%
6 wordswell that's just some people talking
39%
8 wordsain't it funny how the feeling goes away
33%
9 wordsthe sky won't snow and the sun won't shine
33%
9 wordsyour prison is walking through this world all alone
33%
3 wordsfreedom oh freedom
28%
4 wordsthey're driving you home
28%
7 wordsyou're losing all your highs and lows
28%
8 wordsnow it seems to me some fine things
22%
6 wordsoh you ain't getting any younger
6%

Score Distribution

Percentile by Number Answered

Percent of People with Each Score

Your Score History

You have not taken this quiz